Statistics for All Rina Sawayama Songs

Click here to take the quiz!

General Stats

  • This quiz has been taken 144 times
  • The average score is 32 of 50

Answer Stats

Answers% Correct
XS
99%
Hold The Girl
91%
STFU!
89%
This Hell
88%
Dynasty
85%
Frankenstein
84%
Minor Feelings
83%
Bad Friend
80%
Imagining
80%
Send My Love To John
80%
Hurricanes
79%
Cherry
78%
Phantom
78%
Snakeskin
78%
Tokyo Love Hotel
78%
Catch Me In The Air
76%
Chosen Family
76%
Chosen Family (with Elton John)
76%
LUCID
75%
Your Age
75%
Akasaka Sad
74%
Who?
73%
Cyber Stockholm Syndrome
70%
Paradisin'
69%
Beg For You
68%
Forgiveness
68%
Holy (Til You Let Me Go)
68%
Bees & Honey - Bonus Track
66%
Fuck This World (Interlude)
66%
To Be Alive
65%
10-20-40
64%
Ordinary Superstar
61%
Love Me 4 Me
59%
Take Me as I Am
56%
Tunnel Vision
55%
Who's Gonna Save U Now?
55%
Alterlife
54%
Love It If We Made It
53%
Through the Wire - Interlude
48%
Valentine (What's It Gonna Be)
46%
We Out Here - Bonus Track
46%
Time Out - Interlude
44%
Dance In The Dark
43%
Enter Sandman
43%
Flicker
41%
Where U Are
39%
Follow Me
38%
This Time Last Year
35%
Sleeping in Waking
31%
Commes Des Garçons (Like the Boys)
23%

Score Distribution

Percentile by Number Answered

Percent of People with Each Score

Your Score History

You have not taken this quiz